Central Library OPAC University of Rajshahi

The organization and administration of physical education / (Record no. 49894)

MARC details
000 -LEADER
fixed length control field 00824nam a2200241 a 4500
001 - CONTROL NUMBER
control field 49894
003 - CONTROL NUMBER IDENTIFIER
rucl marc code BD-RjUL
005 - DATE AND TIME OF LATEST TRANSACTION
control field 20211209075428.0
008 - FIXED-LENGTH DATA ELEMENTS--GENERAL INFORMATION
fixed length control field 160823s1967 nyua b 000 0 eng
035 ## - SYSTEM CONTROL NUMBER
System control number (BD-RjUL)50014
040 ## - CATALOGING SOURCE
Original cataloging agency BD-RjUL
Transcribing agency DLC
Modifying agency BD-RjUL
Language of cataloging eng
041 ## - LANGUAGE CODE
Language code of text/sound track or separate title eng
082 ## - DEWEY DECIMAL CLASSIFICATION NUMBER
Classification number 375.6137
Edition number 23
Author mark and year VOO 1967
100 1# - MAIN ENTRY--PERSONAL NAME
Personal name Voltmer, Edward Frank.
9 (RLIN) 143183
245 14 - TITLE STATEMENT
Title The organization and administration of physical education /
Statement of responsibility, etc. [by] Edward F. Voltmer [and] Arthur A. Esslinger.
250 ## - EDITION STATEMENT
Edition statement 4th ed.
260 ## - PUBLICATION, DISTRIBUTION, ETC. (IMPRINT)
Place of publication, distribution, etc. New York :
Name of publisher, distributor, etc. Appleton-Century-Crofts,
Date of publication, distribution, etc. [1967]
300 ## - PHYSICAL DESCRIPTION
Pagination xi, 570 p. :
Illustrations ill. ;
Size 24 cm.
504 ## - BIBLIOGRAPHY, ETC. NOTE
Bibliography, etc Includes bibliographies and Index
650 #0 - SUBJECT ADDED ENTRY--TOPICAL TERM
Topical term or geographic name as entry element Physical education and training
General subdivision Administration.
9 (RLIN) 149056
700 1# - ADDED ENTRY--PERSONAL NAME
Personal name Esslinger, Arthur Albert,
Relator term joint author.
942 ## - ADDED ENTRY ELEMENTS (KOHA)
Source of classification or shelving scheme Dewey Decimal Classification
Koha item type Books
Holdings
Lost status Source of classification or shelving scheme Damaged status Not for loan Collection code Permanent Location Current Location Shelving location Date acquired Source of acquisition Cost, normal purchase price Total Checkouts Full call number Date last seen Copy number Koha item type
  Dewey Decimal Classification     Non-fiction Central Library, University of Rajshahi Central Library, University of Rajshahi   16/10/1970 Zeitlinger 71.00   371.7 VOO 1967 23/08/2016 C-2 Books
  Dewey Decimal Classification     Non-fiction Central Library, University of Rajshahi Central Library, University of Rajshahi   16/10/1970 Zeitlinger 71.00   371.7 VOO 1967 23/08/2016 C-3 Books
  Dewey Decimal Classification     Non-fiction Central Library, University of Rajshahi Central Library, University of Rajshahi   16/10/1970 Zeitlinger 71.00   371.7 VOO 1967 23/08/2016 C-4 Books